| 000 | 00517nam a2200181Ia 4500 | ||
|---|---|---|---|
| 005 | 20250326123940.0 | ||
| 008 | 250326s9999 xx 000 0 und d | ||
| 037 | _aTextbook | ||
| 040 |
_aFMSL _beng _cFMSL |
||
| 041 |
_aeng _2eng |
||
| 084 |
_aT4:3 L0 _qFMSL |
||
| 100 |
_aEtzioni A _9736469 |
||
| 245 | 0 |
_aComparative perspectives: theories and methods _cEtzioni A; Dubow F L |
|
| 260 |
_aUSA Little _bUSA Little, Brown _c1970 |
||
| 300 | _a410p | ||
| 942 |
_cTB _hT4:3 L0 |
||
| 999 |
_c1271614 _d1271614 |
||